JUAN BOSCH EN CUBA (Record no. 2569)

MARC details
000 -LEADER
campo de control de longitud fija 00591nam a22001817a 4500
001 - NÚMERO DE CONTROL
campo de control 9853
005 - FECHA Y HORA DE LA ÚLTIMA TRANSACCIÓN
campo de control 20250602012224.0
008 - DATOS DE LONGITUD FIJA--INFORMACIÓN GENERAL
campo de control de longitud fija 5230202009 dr a
020 ## - NÚMERO INTERNACIONAL ESTÁNDAR DEL LIBRO
Número Internacional Estándar del Libro 978-9945-412-38-3
082 ## - NÚMERO DE LA CLASIFICACIÓN DECIMAL DEWEY
Número de clasificación RD 928.61
Número de ítem B6504j
100 ## - ENTRADA PRINCIPAL--NOMBRE DE PERSONA
Nombre de persona BOSCH GAVIÑO JUAN EMILIO 1909 2001
245 ## - MENCIÓN DEL TÍTULO
Título JUAN BOSCH EN CUBA
Mención de responsabilidad, etc. Compilador Luis F. Céspedes.
260 ## - PUBLICACIÓN, DISTRIBUCIÓN, ETC.
Lugar de publicación, distribución, etc. Santo Domingo :
Nombre del editor, distribuidor, etc. EDICIONES FUNGLODE
300 ## - DESCRIPCIÓN FÍSICA
Extensión t. :
Otros detalles físicos il. / 27 cm.
490 ## - MENCIÓN DE SERIE
Mención de serie COLECCION CATEDRA JUAN BOSH
650 ## - PUNTO DE ACCESO ADICIONAL DE MATERIA--TÉRMINO DE MATERIA
Término de materia o nombre geográfico como elemento de entrada 1 BOSCH JUAN 1909 2001 2 REPUBLICA DOMINICANA HISTORIA 1961
700 ## - ENTRADA AGREGADA--NOMBRE PERSONAL
Nombre de persona CESPEDES ESPINOSA LUIS COMP
Holdings
Estatus retirado Estado de pérdida Estado de daño No para préstamo Colección Biblioteca de origen Biblioteca actual Fecha de adquisición Total de préstamos Signatura topográfica completa Código de barras Visto por última vez Copia número Precio de reemplazo Tipo de ítem Koha
        Acervo general de Libros Biblioteca Central Mons. Favio M. Rivas S. Biblioteca Central Mons. Favio M. Rivas S. 26/05/2015   RD 928.61 000000003853 23/05/2025 1 23/05/2025 Libros